000
00296nam a22001337a 4500
008
180316b xxu||||| |||| 00| 0 eng d
020
_a
9780495912637
041
_a
eng
080
_a
371
100
_a
25
101
_a
EDU
245
_a
A Pocket Guide to APA Style
_c
Perrin, R
942
_2
udc
_c
BK
999
_c
45234
_d
45234